000 00948cam a2200133 4500500
005 20260405085546.0
041 _afre
042 _adc
100 1 0 _aBrunel, Pierre
_eauthor
245 0 0 _aLa dissertation de littérature générale et comparée
260 _bArmand Colin,
_c2014.
520 _aPour initier l'étudiant, quel que soit son niveau, à une épreuve qui demande à la fois connaissances et technique, l'ouvrage se décompose en 3 parties : - une partie théorique indiquant les règles et la méthode de la dissertation générale et de la dissertation comparée - une série d'exercices de difficulté progressive du DEUG à l'Agrégation - des corrigés développés sur des thèmes donnés récemment aux concours.Prolégomènes. Pas à pas. Quelques gammes. Quinze dissertations.
856 4 1 _uhttps://shs.cairn.info/la-dissertation-de-litterature-generale-et-compare--9782200014100?lang=fr&redirect-ssocas=7080
999 _c2198535
_d2198535